Plantations developement in Indonesia:Strategies and prospects (Record no. 65135)

MARC details
000 -LEADER
fixed length control field 01093nam a2200181Ia 4500
100 ## - MAIN ENTRY--AUTHOR NAME
Personal name Suhardi Edi
245 #0 - TITLE STATEMENT
Title Plantations developement in Indonesia:Strategies and prospects
260 ## - PUBLICATION, DISTRIBUTION, ETC. (IMPRINT)
Name of publisher The Planter
Year of publication 2012
300 ## - PHYSICAL DESCRIPTION
Number of Pages 721- 726
520 ## - SUMMARY, ETC.
Summary, etc Cueentlt Indonesia has about 8.9 million hectares of land under oil palm and in 2011 the total production of palm oil was over 22 million tonnes. The growing demand for palm oil both for food and fuel and the need to enhance income of rural people the growth of area under oil palm in Indonesia will continue. The potential for expansion exists especially in three islands namely Kalimantan, Sulawesi and Papua. In these three locations the total prospects for expansion in area range from a low of about 2.6 million hectares to a high of over 16.9 million hectares. However there are some obstacles. These and possible solutions are discussed.
650 ## - SUBJECT ADDED ENTRY--TOPICAL TERM
Topical Term Area
650 ## - SUBJECT ADDED ENTRY--TOPICAL TERM
Topical Term Indonesia
650 ## - SUBJECT ADDED ENTRY--TOPICAL TERM
Topical Term Palm oil
650 ## - SUBJECT ADDED ENTRY--TOPICAL TERM
Topical Term Potential for expansion
650 ## - SUBJECT ADDED ENTRY--TOPICAL TERM
Topical Term Production
942 ## - ADDED ENTRY ELEMENTS (KOHA)
Koha item type Journals
Holdings
Withdrawn status Lost status Damaged status Not for loan Home library Current library Date acquired Serial Enumeration / chronology Koha item type
      Journals RRII Library RRII Library 12/03/2014 Volume 88, Issue 1039 Journals